[Event "NOR-ch Women 2019"]
[Site "Bekkestua"]
[Date "2019.03.17"]
[Round "5.6"]
[White "Mrachek, Svetlana"]
[Black "Lazareva, Emilie"]
[Result "0-1"]
[WhiteElo "1628"]
[BlackElo "1354"]
[Annotator "NA"]
[PlyCount "66"]
[EventDate "2019.03.15"]
[EventType "swiss"]
[EventCountry "NOR"]
[SourceTitle "playchess.com"]
[Source "ChessBase"]
[SourceQuality "1"]
[TimeControl "5400+30"]

1. d4 {[%emt 0:00:32]} d5 {[%emt 0:00:39]} 2. Nf3 {[%emt 0:00:32]} Nf6 {[%emt 0:00:44]} 3. c4 {[%emt 0:00:40]} c6 {[%emt 0:01:23]} 4. e3 {[%emt 0:00:45]} Bf5 {[%emt 0:01:22]} 5. b3 {[%emt 0:01:59]} Nbd7 {[%emt 0:02:04]} 6. Bd3 {[%emt 0:01:14]} Bg4 {[%emt 0:03:05]} 7. Nbd2 {[%emt 0:01:09]} e6 {[%emt 0:01:34]} 8. Qc2 {[%emt 0:01:34]} Bb4 {[%emt 0:01:26]} 9. O-O {[%emt 0:00:40]} O-O {[%emt 0:01:32]} 10. Ne5 {[%emt 0:03:14]} Bh5 {[%emt 0:03:42]} 11. f4 {[%emt 0:06:50]} Bd6 {[%emt 0:03:01]} 12. Ndf3 {[%emt 0:02:30]} Bxf3 {[%emt 0:03:11]} 13. Rxf3 {[%emt 0:02:42]} g6 {[%emt 0:02:07]} 14. Bd2 {[%emt 0:13:48]} Rc8 {[%emt 0:04:28]} 15. c5 {[%emt 0:01:11]} Bb8 {[%emt 0:02:52]} 16. b4 {[%emt 0:00:54]} b6 {[%emt 0:02:05]} 17. Be1 {[%emt 0:07:18]} Nxe5 {[%emt 0:06:45]} 18. fxe5 {[%emt 0:01:39]} Ng4 {[%emt 0:02:08]} 19. h3 {[%emt 0:05:09]} Nh6 {[%emt 0:00:39]} 20. Rf6 {[%emt 0:02:34]} Kh8 {[%emt 0:02:25]} 21. Bh4 {[%emt 0:08:13]} Ng8 {[%emt 0:01:43]} 22. Qf2 {[%emt 0:03:38]} Nh6 {[%emt 0:03:25]} 23. Qf4 {[%emt 0:05:55]} Ng8 {[%emt 0:03:22]} 24. Rf1 {[%emt 0:04:44]} Qe8 {[%emt 0:02:57]} 25. Bg5 {[%emt 0:04:58]} Kg7 {[%emt 0:04:04]} 26. Qg4 {[%emt 0:04:50]} Bc7 {[%emt 0:02:20]} 27. h4 {[%emt 0:04:23]} h5 {[%emt 0:02:04]} 28. Bh6+ {[%emt 0:03:00]} Nxh6 {[%emt 0:02:45]} 29. Rxf7+ {[%emt 0:00:41]} Rxf7 {[%emt 0:06:11]} 30. Qxg6+ {[%emt 0:00:41]} Kh8 {[%emt 0:00:51]} 31. Qxh6+ {[%emt 0:01:09]} Kg8 {[%emt 0:00:51]} 32. Qg6+ {[%emt 0:02:31]} Rg7 {[%emt 0:01:02]} 33. Qxh5 {[%emt 0:01:26]} Qxh5 {[%emt 0:00:07]} 0-1

[Event "NOR-ch Women 2019"]
[Site "Bekkestua"]
[Date "2019.03.17"]
[Round "5.7"]
[White "Hina, Ariza"]
[Black "Bjorkly, Sara Marie Skaug"]
[Result "1-0"]
[WhiteElo "1594"]
[BlackElo "1368"]
[Annotator "NA"]
[PlyCount "91"]
[EventDate "2019.03.15"]
[EventType "swiss"]
[EventCountry "NOR"]
[SourceTitle "playchess.com"]
[Source "ChessBase"]
[SourceQuality "1"]
[TimeControl "5400+30"]

1. e4 {[%emt 0:02:21]} d5 {[%emt 0:17:52]} 2. exd5 {[%emt 0:00:36]} Nf6 {[%emt 0:01:06]} 3. Nc3 {[%emt 0:00:39]} Nxd5 {[%emt 0:00:39]} 4. Bc4 {[%emt 0:00:50]} Nxc3 {[%emt 0:00:50]} 5. bxc3 {[%emt 0:00:43]} e6 {[%emt 0:00:48]} 6. Nf3 {[%emt 0:01:06]} Nd7 {[%emt 0:01:49]} 7. d3 {[%emt 0:01:36]} g6 {[%emt 0:00:47]} 8. O-O {[%emt 0:01:50]} Bg7 {[%emt 0:00:36]} 9. Bg5 {[%emt 0:01:00]} Nf6 {[%emt 0:01:25]} 10. Qd2 {[%emt 0:03:44]} h6 {[%emt 0:01:03]} 11. Be3 {[%emt 0:01:43]} Qd6 {[%emt 0:01:39]} 12. Rfe1 {[%emt 0:10:21]} g5 {[%emt 0:01:57]} 13. h3 {[%emt 0:09:12]} b6 {[%emt 0:01:19]} 14. Nd4 {[%emt 0:04:13]} e5 {[%emt 0:05:48]} 15. Bb5+ {[%emt 0:09:04]} Bd7 {[%emt 0:05:38]} 16. Nf5 {[%emt 0:01:13]} Qf8 {[%emt 0:00:41]} 17. Bd4 {[%emt 0:06:55]} Bxb5 {[%emt 0:04:53]} 18. Rxe5+ {[%emt 0:01:18]} Kd7 {[%emt 0:01:33]} 19. Rxb5 {[%emt 0:00:54]} c5 {[%emt 0:01:44]} 20. Nxg7 {[%emt 0:05:11]} Qxg7 {[%emt 0:01:31]} 21. Bxf6 {[%emt 0:01:11]} Qxf6 {[%emt 0:00:47]} 22. Re1 {[%emt 0:00:46]} Kc6 {[%emt 0:01:12]} 23. Rbb1 {[%emt 0:01:29]} Rhe8 {[%emt 0:01:29]} 24. Kf1 {[%emt 0:03:22]} Re6 {[%emt 0:02:07]} 25. Rxe6+ {[%emt 0:01:30]} Qxe6 {[%emt 0:00:54]} 26. c4 {[%emt 0:01:50]} Re8 {[%emt 0:01:03]} 27. Re1 {[%emt 0:00:42]} Qxe1+ {[%emt 0:03:24]} 28. Qxe1 {[%emt 0:00:35]} Rxe1+ {[%emt 0:00:37]} 29. Kxe1 {[%emt 0:00:32]} Kd6 {[%emt 0:01:17]} 30. Ke2 {[%emt 0:01:26]} Ke5 {[%emt 0:00:51]} 31. c3 {[%emt 0:03:42]} f5 {[%emt 0:00:55]} 32. a4 {[%emt 0:02:28]} a5 {[%emt 0:00:43]} 33. Ke3 {[%emt 0:00:45]} f4+ {[%emt 0:00:50]} 34. Kf3 {[%emt 0:01:27]} h5 {[%emt 0:00:48]} 35. g3 {[%emt 0:02:05]} Kf5 {[%emt 0:02:46]} 36. gxf4 {[%emt 0:02:33]} gxf4 {[%emt 0:01:23]} 37. d4 {[%emt 0:00:46]} cxd4 {[%emt 0:01:17]} 38. cxd4 {[%emt 0:00:37]} h4 {[%emt 0:01:54]} 39. d5 {[%emt 0:00:50]} Ke5 {[%emt 0:00:59]} 40. Kg4 {[%emt 0:00:47]} b5 {[%emt 0:00:44]} 41. cxb5 {[%emt 0:00:40]} Kxd5 {[%emt 0:00:36]} 42. Kxf4 {[%emt 0:00:40]} Kc5 {[%emt 0:00:38]} 43. Kg4 {[%emt 0:00:40]} Kb4 {[%emt 0:00:44]} 44. b6 {[%emt 0:00:34]} Kxa4 {[%emt 0:00:42]} 45. b7 {[%emt 0:00:35]} Ka3 {[%emt 0:00:37]} 46. b8=Q {[%emt 0:00:44]} 1-0

[Event "NOR-ch Women 2019"]
[Site "Bekkestua"]
[Date "2019.03.17"]
[Round "5.8"]
[White "Bjerke, Vilde"]
[Black "Szemes, Eva Weston"]
[Result "0-1"]
[WhiteElo "1251"]
[BlackElo "1335"]
[Annotator "NA"]
[PlyCount "96"]
[EventDate "2019.03.15"]
[EventType "swiss"]
[EventCountry "NOR"]
[SourceTitle "playchess.com"]
[Source "ChessBase"]
[SourceQuality "1"]
[TimeControl "5400+30"]

1. e4 {[%emt 0:00:33]} c6 {[%emt 0:00:40]} 2. Nf3 {[%emt 0:01:03]} d5 {[%emt 0:00:47]} 3. exd5 {[%emt 0:02:14]} cxd5 {[%emt 0:01:50]} 4. Bb5+ {[%emt 0:00:57]} Bd7 {[%emt 0:01:06]} 5. Bxd7+ {[%emt 0:01:00]} Qxd7 {[%emt 0:00:47]} 6. O-O {[%emt 0:00:44]} Nf6 {[%emt 0:00:41]} 7. d4 {[%emt 0:00:51]} Nc6 {[%emt 0:00:53]} 8. Nc3 {[%emt 0:00:45]} e6 {[%emt 0:01:19]} 9. Bf4 {[%emt 0:00:55]} Bd6 {[%emt 0:02:11]} 10. Bxd6 {[%emt 0:00:50]} Qxd6 {[%emt 0:00:41]} 11. Nb5 {[%emt 0:01:06]} Qd7 {[%emt 0:01:10]} 12. Qe2 {[%emt 0:01:31]} a6 {[%emt 0:01:05]} 13. Nc3 {[%emt 0:01:52]} b5 {[%emt 0:03:14]} 14. a3 {[%emt 0:00:53]} O-O {[%emt 0:02:00]} 15. h3 {[%emt 0:00:36]} h6 {[%emt 0:00:52]} 16. Rad1 {[%emt 0:00:39]} Rac8 {[%emt 0:02:55]} 17. Rd3 {[%emt 0:00:44]} Ne7 {[%emt 0:01:34]} 18. Ne5 {[%emt 0:00:55]} Qd6 {[%emt 0:01:20]} 19. Rg3 {[%emt 0:01:24]} Nd7 {[%emt 0:00:53]} 20. Nxd7 {[%emt 0:05:30]} Qxd7 {[%emt 0:00:57]} 21. Qh5 {[%emt 0:04:59]} Nf5 {[%emt 0:02:01]} 22. Rd3 {[%emt 0:01:45]} a5 {[%emt 0:01:55]} 23. Qd1 {[%emt 0:01:14]} b4 {[%emt 0:02:14]} 24. axb4 {[%emt 0:00:46]} axb4 {[%emt 0:00:37]} 25. Ne2 {[%emt 0:01:02]} Qc7 {[%emt 0:01:30]} 26. c3 {[%emt 0:01:14]} bxc3 {[%emt 0:00:58]} 27. Rxc3 {[%emt 0:00:45]} Qb6 {[%emt 0:01:10]} 28. Qb3 {[%emt 0:01:18]} Qxb3 {[%emt 0:00:54]} 29. Rxb3 {[%emt 0:00:46]} Rc2 {[%emt 0:01:01]} 30. Ng3 {[%emt 0:01:48]} Nxd4 {[%emt 0:00:56]} 31. Rb7 {[%emt 0:00:52]} Ne2+ {[%emt 0:02:30]} 32. Nxe2 {[%emt 0:00:51]} Rxe2 {[%emt 0:00:35]} 33. Ra1 {[%emt 0:00:41]} e5 {[%emt 0:02:20]} 34. Kf1 {[%emt 0:01:07]} Rc2 {[%emt 0:01:07]} 35. Raa7 {[%emt 0:01:04]} d4 {[%emt 0:01:18]} 36. Ke1 {[%emt 0:01:05]} d3 {[%emt 0:01:58]} 37. g4 {[%emt 0:01:02]} g5 {[%emt 0:03:05]} 38. b4 {[%emt 0:00:54]} Rb2 {[%emt 0:00:51]} 39. b5 {[%emt 0:00:53]} e4 {[%emt 0:01:46]} 40. b6 {[%emt 0:00:43]} Kg7 {[%emt 0:01:45]} 41. Ra6 {[%emt 0:00:38]} Kg8 {[%emt 0:02:46]} 42. Re7 {[%emt 0:00:42]} Rd8 {[%emt 0:05:28]} 43. Rxe4 {[%emt 0:01:21]} d2+ {[%emt 0:00:42]} 44. Kf1 {[%emt 0:03:32]} d1=Q+ {[%emt 0:00:50]} 45. Kg2 {[%emt 0:00:42]} Qd3 {[%emt 0:01:45]} 46. Rea4 {[%emt 0:00:41]} Qe2 {[%emt 0:02:53]} 47. Ra1 {[%emt 0:04:59]} Qxf2+ {[%emt 0:00:00]} 48. Kh1 {[%emt 0:00:48]} Qh2# {[%emt 0:00:00]} 0-1